Statistics for Islands on the World Map (Robinson Projection)

Click here to take the quiz!

General Stats

  • This quiz has been taken 511 times
  • The average score is 52 of 123

Answers on the Map

Answers color-coded by a green-red scale on the quiz's map according to % correct below.
 

Answer Stats

Island% Correct
Cuba
94%
Greenland
94%
Madagascar
94%
Iceland
93%
Ireland
93%
Sri Lanka
93%
Great Britain
92%
Cyprus
90%
South
90%
Tasmania
90%
Borneo
89%
Java
89%
North
89%
Sicily
89%
Taiwan
89%
Jamaica
88%
Hispaniola
87%
Honshu (+ Kyushu)
87%
New Guinea
86%
Sardinia
86%
Australia
85%
Hokkaido
85%
Corsica
84%
Sumatra
84%
Crete
83%
Baffin
81%
Falkland Islands
81%
Newfoundland
80%
Luzon
77%
Puerto Rico
75%
Sulawesi
74%
Hainan
68%
Afro-Eurasia
66%
Antarctica
66%
Timor
66%
Vancouver
66%
Americas
65%
Victoria
65%
Sakhalin
64%
Ellesmere
62%
Mindanao
61%
Trinidad
60%
Prince Edward
59%
Grande Terre (new Caledonia)
56%
Hawaii
55%
Zealand
55%
Tierra del Fuego
53%
Shikoku
48%
Banks
45%
Negros (+ Cebu)
45%
New Britain
45%
Oahu
42%
Spitsbergen
39%
Flores
38%
Palawan
35%
Severny (+ Yuzhny)
35%
Devon
33%
Kodiak
33%
Maui
32%
Grand Bahama
31%
Bougainville
30%
Latangai
30%
Prince of Wales
29%
Viti Levu
27%
Southampton
26%
Sumba
26%
October Revolution (+ Komsomolets)
25%
Axel Heiberg
24%
Halmahera
24%
Mackenzie King
24%
Sumbawa
24%
Panay
23%
Samar (+ Leyte)
23%
Seram
23%
Anticosti
22%
Kauai
22%
Melville
22%
North Andros (+ South Andros)
22%
Alexander
21%
Kerguelen
21%
Mindoro
21%
Somerset
21%
Bolshevik
20%
Prince Charles
20%
Prince Patrick
20%
Guadalcanal
19%
King William
19%
Wrangel
19%
Bathurst
18%
Vanua Levu
18%
Buru
17%
Nordaustlandet
17%
Bylot
16%
Cornwall
16%
Cornwallis
16%
Franz Joseph Land
16%
Aru Islands
14%
Graham
14%
Molokai
14%
Berkner
13%
Ellef Ringnes
13%
Saint Lawrence
13%
Coats
12%
Great Abaco
12%
Kotelny
12%
Espiritu Santo
11%
Novaya Sibir
11%
Roosevelt
11%
Santa Isabel
11%
Amund Ringnes
10%
Edgeøya
10%
Thurston
10%
Borden
9%
Carney
9%
Choiseul
9%
Malaita
9%
Mansel
9%
San Cristobal
9%
Siple
9%
Stefansson
9%
Nunivak
7%
Great Lyakhovsky
5%
Malakula
5%

Score Distribution

Percentile by Number Answered

Percent of People with Each Score

Your Score History

You have not taken this quiz